Guess the Plants (on Postage Stamps) - Statistics

General Stats
  • This quiz has been taken 72 times
  • The average score is 11 of 15
Answer Stats
Picture Answer % Correct
Cherry
100%
Pear
99%
Rose
97%
Blackberry
96%
Raspberry
94%
Cabbage
93%
Poppy
87%
Maple
86%
Cannabis
84%
Waterlily
71%
Buttercup
58%
Violet
57%
Nettle
55%
Mulberry
38%
St John's Wort
17%
No matching quizzes found
Score Distribution
Percent of People with Each Score
Percentile by Number Answered
Your Score History
You have not taken this quiz